000 00217nam a2200097Ia 4500
005 20251222120856.0
008 251222s1900||||xx |||||||||||||| ||spa||
082 _aDVD0070/O45/2005
245 0 _aCentochiodi:
942 _cDVD
999 _c2404
_d2404